|
|
|
|
| LEADER |
00000nab a2200000 a 4500 |
| 001 |
vtls000222367 |
| 003 |
SK-MaSNL |
| 005 |
20260319074643.0 |
| 008 |
160204c1985 xo 0 rus |
| 015 |
|
|
|a SNBRB19rr/mm-uuuuu
|
| 035 |
|
|
|a CL0232481
|
| 040 |
|
|
|a SNKBUCL
|b slo
|c SNKBUCL
|e AACR2
|
| 041 |
0 |
|
|a rus
|
| 044 |
|
|
|a xo
|c SK
|
| 080 |
|
|
|a 578:616.523
|2 1981
|
| 080 |
|
|
|a 616.523
|2 1981
|
| 245 |
0 |
0 |
|a Židkofaznyj i tverdofaznyj radioimmunnyj analiz s nukleokapsidami virusa gerpesa prostogo tipa 1 ; M. Bystrická, O. Főldes, J. Sadloň, J. Rajčáni, H. Libíková, A. Sabó
|
| 300 |
|
|
|b Obr. 5. Tb. 2., lit. 18 zázn. v slov., ruš., angl.
|
| 650 |
0 |
7 |
|a vírusy Herpes simplex
|2 snkbucl
|9 927404
|
| 655 |
|
7 |
|a články z novín a časopisov
|2 snkbucl
|9 267496
|
| 700 |
1 |
|
|a Bystrická, Magdaléna
|4 aut
|9 217048
|
| 700 |
1 |
|
|a Földes, O.
|4 aut
|9 796950
|
| 700 |
1 |
|
|a Sadloň, J.
|4 aut
|9 929328
|
| 700 |
1 |
|
|a Rajčáni, Július,
|d 1937-
|4 aut
|9 39647
|
| 700 |
1 |
|
|a Libíková, Helena,
|d 1921-1984
|4 aut
|9 48696
|
| 700 |
1 |
|
|a Sabó, Alexander,
|d 1941-
|4 aut
|
| 773 |
0 |
|
|t Acta virologica
|g Roč. 29, č. 2 (1985), s. 111-118
|
| 850 |
|
|
|a Slovenská národná knižnica v Martine
|a MTA001
|
| 852 |
|
|
|a SNK
|b KIS3GCP
|
| 958 |
|
|
|a NB
|
| 958 |
|
|
|a RK
|
| 992 |
|
|
|a RBX
|
| 999 |
|
|
|c 1474215
|d 1476145
|